000 01064nam a2200277 a 4500
001 54488
003 BD-RjUL
005 20211209080128.0
008 161107s1974 nyu b 101 0 eng
020 _a0444105336 (American Elsevier)
020 _a0720420873
035 _a(BD-RjUL)54610
040 _aDLC
_cDLC
_dBD-RjUL
_beng
041 _aeng
082 0 0 _a511.8
_223
_bMAT 1974
245 1 0 _aMathematical models in biology and medicine :
_bproceedings of the IFIP-TC4 Working Conference on Mathematical Models in Biology and Medicine, Varna, 6-11 September 1972 /
_cedited by N. T. J. Bailey, Bl. Sendov, R. Tsanev.
260 _aNew York :
_bAmerican Elsevier Pub. Co.,
_c1974.
300 _aix, 152 p. ;
_c23 cm.
504 _aIncludes bibliographies and index.
650 0 _aBiology
_xMathematical models
_xCongresses.
_9162561
650 0 _aMedicine
_xMathematical models
_xCongresses.
_9162562
700 1 _aBailey, Norman T. J.,
_eed.
_9153752
700 1 _aSendov, Blagovest,
_eed.
_9162563
700 1 _aTsanev, Rumen,
_eed.
_9162564
942 _2ddc
_cBK
999 _c54488
_d54488